00751nam a22002175i 4500001000700000003000900007005001700016008004100033017001700074020001800091080003200109100002100141245012400162260005200286300003500338546003500373600003600408655004000444710002600484852002300510169166ES-MaACL20230906214021.0080820s2004 sp |||| | spa d aM-2-944-2004 a84-7664-841-3 a7 Navridis, Nikos (083.824)1 aNavridis, Nikos.10aNikos Navridis b: del 30 de enero al 14 [de] marzo de 2004, Sala de Exposiciones de la Fundación "la Caixa", Madrid. a[Barcelona] : bFundación "la Caixa", c2004. a165 p. : bil. col. ; c21 cm. aTexto en español e inglés.14aNavridis, Nikos-vExposiciones. 72tgfbneaCatálogos de exposiciones2 aFundació "la Caixa"4 aES-MaACLjL-29536